Easy money : (Record no. 88277)

MARC details
000 -LEADER
fixed length control field 01278nam a22002297a 4500
005 - DATE AND TIME OF LATEST TRANSACTION
control field 20140904112720.0
010 ## - LCCN (DPL NO)
LC control number ENG-110725
020 ## - INTERNATIONAL STANDARD BOOK NUMBER
International Standard Book Number 9788132113430
Terms of availability 425.00
035 ## - SYSTEM CONTROL NUMBER
System control number EN-94257
037 ## - SOURCE OF ACQUISITION
Source of stock number/acquisition DBAD/PUB
082 ## - DEWEY DECIMAL CLASSIFICATION NUMBER
Classification number 332.042
100 ## - MAIN ENTRY--PERSONAL NAME
Personal name Kaul, Vivek
245 ## - TITLE STATEMENT
Title Easy money :
Statement of responsibility, etc by Vivek Kaul
Remainder of title evolution of the global financial system to the great bubble burst /
260 ## - PUBLICATION, DISTRIBUTION, ETC. (IMPRINT)
Place of publication, distribution, etc New Delhi
Name of publisher, distributor, etc Sage Publications
Date of publication, distribution, etc 2014
270 ## - ADDRESS
Address B1/ I-1 Mohan Cooperative Industrial Area,Mathura Road
City New Delhi
Postal code 110044
300 ## - PHYSICAL DESCRIPTION
Extent xxiii,325p.
Dimensions 22cm(pbk)
500 ## - GENERAL NOTE
General note Includes bibliographical references and index.
505 ## - FORMATTED CONTENTS NOTE
Formatted contents note Foreword -- Introduction -- Coup de whiskey -- The Great Depression -- The men who knew too much -- Hitler falling, dollar rising -- Exorbitant privilege -- The American promise -- The man who would be king -- When a Tokyo palace was more expensive than California -- Irrational exuberance -- But a pin lies in wait for every bubble -- After the crash -- Conclusion: if we learned from experience, history wouldn’t repeat itself -- Appendix: double your money in 45 days -- Index -- Acknowledgements -- About the author.
650 ## - SUBJECT ADDED ENTRY--TOPICAL TERM
Topical term or geographic name as entry element Finance
General subdivision History.
650 ## - SUBJECT ADDED ENTRY--TOPICAL TERM
Topical term or geographic name as entry element Economic history
942 ## - ADDED ENTRY ELEMENTS (KOHA)
Source of classification or shelving scheme Dewey Decimal Classification
Item type English Books
Classification part 332.042
Call number suffix KAU
Holdings
Withdrawn status Lost status Not for loan Collection code Home library Current library Date acquired Source of acquisition Cost, normal purchase price Full call number Barcode Copy number Cost, replacement price Koha item type
    Not For Loan Non-fiction D.B.Act.Division D.B.Act.Division 03/09/2014 DBAD/PUB 425.00 332.042 PAU EN-94257 1 425.00 English Books

© Delhi Public Library
Hit Counter
free hit counter